|
|
|
|
| LEADER |
03446nam a2200793 i 4500 |
| 001 |
nkc20203277337 |
| 003 |
CZ PrNK |
| 005 |
20210930113146.0 |
| 007 |
ta |
| 008 |
201222t20202020xr abehf 001 0 ger |
| 015 |
|
|
|a cnb003277337
|
| 020 |
|
|
|a 978-80-7561-273-1
|q (Univerzita Jana Evangelisty Purkyně, Ústí nad Labem ;
|q brožováno)
|
| 020 |
|
|
|z 978-3-95915-070-5
|q (Telescope, Německo ;
|q brožováno)
|
| 035 |
|
|
|a (OCoLC)1274108594
|
| 040 |
|
|
|a BOA001
|b cze
|e rda
|
| 041 |
1 |
|
|a ger
|b eng
|b ger
|h cze
|
| 043 |
|
|
|a e-xr---
|b e-xr-us
|2 czenas
|
| 045 |
|
|
|a y1y1
|
| 072 |
|
7 |
|a 904
|x Kulturní památky historického období obecně
|2 Konspekt
|9 8
|
| 080 |
|
|
|a 904:72
|2 MRF
|
| 080 |
|
|
|a 904:7.025.22
|2 MRF
|
| 080 |
|
|
|a 719:69
|2 MRF
|
| 080 |
|
|
|a 72:904
|2 MRF
|
| 080 |
|
|
|a 72.034.7
|2 MRF
|
| 080 |
|
|
|a 7.025.3/.4
|2 MRF
|
| 080 |
|
|
|a 94(437.315)
|2 MRF
|
| 080 |
|
|
|a (048.8:082)
|2 MRF
|
| 100 |
1 |
|
|a Podroužek, Kamil,
|d 1966-
|7 mzk2008448792
|4 aut
|4 edt
|
| 245 |
1 |
0 |
|a Terr_ S_cr_ Incognit_ :
|b studentisches Förderprojekt der Jan-Evangelista-Purkyně-Universität Ústí nad Labem Terra Sacra Incognita 2015-2017 /
|c Kamil Podroužek u.a. ; Übersetzung: Anna Mašková, Volker Weise
|
| 246 |
1 |
4 |
|a Terra Sacra Incognita
|
| 250 |
|
|
|a Deutsche Ausgabe
|
| 264 |
|
1 |
|a In Ústí nad Labem :
|b Jan Evangelista Purkyně University, Faculty of Arts,
|c [2020]
|
| 264 |
|
4 |
|c ©2020
|
| 300 |
|
|
|a 216 stran :
|b ilustrace (převážně barevné), mapy, plány, faksimile ;
|c 30 cm
|
| 336 |
|
|
|a text
|b txt
|2 rdacontent
|
| 337 |
|
|
|a bez média
|b n
|2 rdamedia
|
| 338 |
|
|
|a svazek
|b nc
|2 rdacarrier
|
| 500 |
|
|
|a Přeloženo z češtiny
|
| 500 |
|
|
|a V tiráži uvedeno: erste Auflage
|
| 504 |
|
|
|a Obsahuje bibliografii, bibliografické odkazy a rejstřík
|
| 546 |
|
|
|a Německý text, anglické a německé resumé
|
| 648 |
|
4 |
|a 2015-2017
|
| 648 |
|
7 |
|a 2011-2020
|7 ch460589
|2 czenas
|
| 650 |
0 |
7 |
|a historické stavby
|7 ph120730
|z Česko
|2 czenas
|
| 650 |
0 |
7 |
|a ohrožené památky
|7 ph123709
|z Česko
|2 czenas
|
| 650 |
0 |
7 |
|a stavebněhistorický průzkum
|7 ph137762
|z Česko
|y 2011-2020
|2 czenas
|
| 650 |
0 |
7 |
|a architektonické památky
|7 ph118585
|z Česko
|2 czenas
|
| 650 |
0 |
7 |
|a barokní architektura
|7 ph118759
|z Česko
|2 czenas
|
| 650 |
0 |
7 |
|a obnova a rekonstrukce památek
|7 ph168233
|z Česko
|2 czenas
|
| 650 |
0 |
9 |
|a historic buildings
|z Czechia
|2 eczenas
|
| 650 |
0 |
9 |
|a endangered monuments
|z Czechia
|2 eczenas
|
| 650 |
0 |
9 |
|a constructional-historical research
|z Czechia
|y 2011-2020
|2 eczenas
|
| 650 |
0 |
9 |
|a architectural monuments
|z Czechia
|2 eczenas
|
| 650 |
0 |
9 |
|a baroque architecture
|z Czechia
|2 eczenas
|
| 650 |
0 |
9 |
|a renewal and reconstruction of monuments
|z Czechia
|2 eczenas
|
| 651 |
|
7 |
|a Konojedy (Úštěk, Česko)
|7 ge281068
|x dějiny
|2 czenas
|
| 651 |
|
7 |
|a Zahořany (Křešice, Litoměřice, Česko)
|7 ge382338
|x dějiny
|2 czenas
|
| 651 |
|
9 |
|a Konojedy (Úštěk, Czechia)
|x history
|2 eczenas
|
| 651 |
|
9 |
|a Zahořany (Křešice, Litoměřice, Czechia)
|x history
|2 eczenas
|
| 655 |
|
7 |
|a kolektivní monografie
|7 fd501537
|2 czenas
|
| 655 |
|
9 |
|a collective monographs
|2 eczenas
|
| 700 |
1 |
|
|a Mašková, Anna
|4 trl
|
| 700 |
1 |
|
|a Weise, Volker
|4 trl
|
| 910 |
2 |
|
|a BOA001
|b 4-1471.895
|
| 928 |
9 |
|
|a Univerzita Jana Evangelisty Purkyně v Ústí nad Labem, Filozofická fakulta
|
| 990 |
|
|
|a BK
|
| 995 |
|
|
|a 01
|
| 991 |
|
|
|b 202109
|c NOV
|
| 996 |
6 |
|
|b 2610876172
|c 4-1471.895
|l MZK
|r Sklad / do 1 hodiny
|n 0
|p p.v.
|w 001861430
|u 000010
|a 1
|e BOA001
|j MZK50
|s P
|